Supernovae and gamma-ray bursts (Record no. 14193)

MARC details
000 -LEADER
fixed length control field 00986nam a2200241Ia 4500
003 - CONTROL NUMBER IDENTIFIER
control field IN-BaIIA
008 - FIXED-LENGTH DATA ELEMENTS--GENERAL INFORMATION
fixed length control field 211028s9999 xx 000 0 eng d
020 ## - INTERNATIONAL STANDARD BOOK NUMBER
International Standard Book Number 0-521-79141-3
040 ## - CATALOGING SOURCE
Transcribing agency IIA Library
080 ## - UNIVERSAL DECIMAL CLASSIFICATION NUMBER
Universal Decimal Classification number 524.352:52-726
Item number SUP
111 ## - MAIN ENTRY--MEETING NAME
Meeting name or jurisdiction name as entry element Space Telescope Science Institute Symposium
Location of meeting Baltimore, Maryland
Date of meeting or treaty signing 1999 May 3-6
9 (RLIN) 25019
245 #0 - TITLE STATEMENT
Title Supernovae and gamma-ray bursts
Remainder of title the greatest explosions sine the big bang; proceedings of the space telescope science institute symposium held in Baltimore, Maryland, May 3-6, 1999
Statement of responsibility, etc. edited by Mario Livio, Nino Panagia and Kaliash Sahu
260 ## - PUBLICATION, DISTRIBUTION, ETC.
Place of publication, distribution, etc. Cambridge
Name of publisher, distributor, etc. Cambridge University Press
Date of publication, distribution, etc. 2001
300 ## - PHYSICAL DESCRIPTION
Extent x, 376p.
490 ## - SERIES STATEMENT
Series statement Space telescope science institute symposium series; 13
650 ## - SUBJECT ADDED ENTRY--TOPICAL TERM
Topical term or geographic name entry element Gamma ray bursts
9 (RLIN) 10403
650 ## - SUBJECT ADDED ENTRY--TOPICAL TERM
Topical term or geographic name entry element Supernova remnants
9 (RLIN) 6675
650 ## - SUBJECT ADDED ENTRY--TOPICAL TERM
Topical term or geographic name entry element Supernovae
700 ## - ADDED ENTRY--PERSONAL NAME
Personal name Livio, Mario, ed.
9 (RLIN) 13149
700 ## - ADDED ENTRY--PERSONAL NAME
Personal name Panagia, Nino, ed.
9 (RLIN) 21396
700 ## - ADDED ENTRY--PERSONAL NAME
Personal name Sahu, Kailash., ed.
9 (RLIN) 25020
942 ## - ADDED ENTRY ELEMENTS (KOHA)
Koha item type Books
Holdings
Withdrawn status Lost status Damaged status Not for loan Home library Current library Shelving location Date acquired Cost, normal purchase price Total Checkouts Full call number Barcode Date last seen Cost, replacement price Price effective from Koha item type Purchase Price
        IIA Library-Bangalore IIA Library-Bangalore General Stacks 06/08/2001 3817.00   524.352:52-726/ SUP 15113 05/11/2021 3817.00 06/08/2001 Books Rs. 3817.00

Powered by Koha